000
00274nam a22001217a 4500
008
170413b xxu||||| |||| 00| 0 eng d
041
_a
eng
080
_a
618
100
_a
10
101
_a
shm
245
_a
OBSTRETRICS AND GYNECOLOGY
_c
CODDINGSTON.CH.C
942
_2
udc
_c
BK
999
_c
10662
_d
10662